000 00427nam a2200169Ia 4500
999 _c7034
_d7034
003 GBCCL
005 20241126110617.0
008 180706b ||||| |||| 00| 0 eng d
040 _cGBC
082 _a503
_bAMA
245 _aUniverse
260 _c2004.
_aNew Delhi:
_bPentagon Press,
300 _a32
440 _aThe Amazing Facts
_912468
650 _aCuriosities and wonders
_vJuvenile literature
_912387
942 _2ddc
_cREF